000 01126nam a22002657a 4500
003 PE SENCICO BE
005 20251020182650.0
008 240118b |||||||| |||| 00| 0 eng d
040 _aPE SENCICO BE
_cPE SENCICO BE
041 _aspa
084 _aI
_aDIS
_a2015
_bA65
100 1 _91888
_aAranda Paredes, Jane-Anny
_eautor
245 1 _aOrganización espacial como definidor de espacios de interiores funcionales /
_cJane-Anny Aranda Paredes
260 _aLima :
_c2015
300 _a63 h. :
_bil. col. ;
_c30 cm.
500 _aTexto en dos volúmenes. El volumen 2 contiene planos (30 x 40 cm.).
502 _aMonografía de Titulación.-- Servicio Nacional de Capacitación para la Industria de la Construcción. Escuela Superior Técnica. Carrera Profesional Técnica en Diseño de Interiores, 2015
650 1 0 _944
_aDiseño de interiores
650 2 0 _99
_aEspacios interiores
650 2 0 _91811
_aPercepción espacial
650 2 0 _9615
_aPlanos
710 1 _aServicio Nacional de Capacitación para la Industria de la Construcción.
_bEscuela Superior Técnica
_91065
910 _bhfp
_chfp
942 _cMON
999 _c4514
_d4514